| 000 | 00806nam a2200265Ia 4500 | ||
|---|---|---|---|
| 001 | 21829 | ||
| 005 | 20260320113316.0 | ||
| 008 | 260320s9999||||xx |||||||||||||| ||und|| | ||
| 020 | _a9786124948565 | ||
| 041 | _aESP | ||
| 082 |
_a320.56 _bM42 |
||
| 100 |
_aMéndez, Cecilia, _eAUT |
||
| 245 | 0 |
_aViolencias fundacionales : _bensayos sobre racismo, guerra y política en el Perú |
|
| 246 |
_a _5 _b |
||
| 250 | _aPrimera edición | ||
| 260 |
_aLima : _bLa Siniestra, _c2025 |
||
| 300 |
_a487 páginas : _bfotografías ; _c23 cm. _e |
||
| 440 |
_a _n _v |
||
| 650 | _aCIS | ||
| 653 | _aEtnicidad; Racismo; Violencia | ||
| 654 | _aDER | ||
| 700 |
_a _c |
||
| 856 |
_uhttps://0u20jlrcq-y-https-www-jstor-org.itmsp.museknowledge.com/ _zVéase además: Base de datos JSTOR |
||
| 942 |
_cLIB _dJUS _fMAT _2ddc _n |
||
| 999 |
_c21829 _d21829 |
||